[Event "Hastings Masters 2025-26"]
[Site "Hastings ENG"]
[Date "2026.01.01"]
[Round "7.32"]
[White "Anjulan, Ashwin"]
[Black "Patel, Zain"]
[Result "0-1"]
[WhiteElo "1876"]
[BlackElo "2058"]
[WhiteFideId "343411622"]
[BlackFideId "469246"]
[EventDate "2025.12.28"]

1. e4 e5 2. Nf3 Nc6 3. Nc3 Nf6 4. d4 exd4 5. Nxd4 Bb4 6. Nxc6 bxc6 7. Bd3 d5 8.
Bd2 O-O 9. O-O Rb8 10. Re1 Bg4 11. Qc1 Re8 12. a3 Bf8 13. exd5 cxd5 14. h3 Bh5
15. Rxe8 Qxe8 16. Bg5 Qe6 17. Qd2 Ne4 18. Nxe4 dxe4 19. Re1 Bg6 20. b4 c5 21.
bxc5 Bxc5 22. Qf4 Qd6 23. Bxe4 Qxf4 24. Bxf4 Re8 25. Bg3 Bxe4 0-1

[Event "Hastings Masters 2025-26"]
[Site "Hastings ENG"]
[Date "2026.01.01"]
[Round "7.33"]
[White "Rubeck, Jonathan"]
[Black "ONUOHA, Obioma"]
[Result "1-0"]
[WhiteElo "1913"]
[BlackElo "2056"]
[WhiteFideId "435678"]
[BlackFideId "8505837"]
[EventDate "2025.12.28"]

1. e4 e5 2. Nf3 Nf6 3. Bc4 Nxe4 4. Nc3 Nxc3 5. dxc3 f6 6. Nh4 g6 7. f4 Qe7 8. f5
g5 9. Qh5+ Kd8 10. Ng6 hxg6 11. Qxh8 d5 12. Bxd5 c6 13. Be6 gxf5 14. Bxc8 Kxc8
15. Be3 f4 16. Bf2 Nd7 17. O-O-O Kc7 18. Rhe1 e4 19. Qh3 e3 20. Bg1 Qf7 21. Kb1
Bd6 22. Qf5 Be5 23. g3 Nc5 24. h4 Na4 25. hxg5 Qc4 26. Rd7+ Kb6 27. gxf4 Nxc3+
28. bxc3 Bxc3 29. Rxe3 Qf1+ 30. Re1+ 1-0

[Event "Hastings Masters 2025-26"]
[Site "Hastings ENG"]
[Date "2026.01.01"]
[Round "7.34"]
[White "Shankar, Yashwardhan"]
[Black "Barbu, Simon-Alexandru"]
[Result "1/2-1/2"]
[WhiteElo "1886"]
[BlackElo "2051"]
[WhiteFideId "2411067"]
[BlackFideId "1257170"]
[EventDate "2025.12.28"]

1. e4 e6 2. d4 d5 3. e5 Bd7 4. Nf3 a6 5. Bd3 Bb5 6. O-O Ne7 7. Bg5 h6 8. Bxe7
Bxe7 9. Re1 Nd7 10. c3 Bxd3 11. Qxd3 Nf8 12. Nbd2 g5 13. Nf1 Ng6 14. c4 c6 15.
cxd5 cxd5 16. Qb3 b5 17. a4 b4 18. a5 Rc8 19. Ne3 h5 20. Qd3 Rc6 21. Nd2 Nf4 22.
Qf1 Ng6 23. Nb3 Qc7 24. Rec1 Kd7 25. Rxc6 Qxc6 26. Rc1 Qb7 27. Qd1 g4 28. Nc5+
Bxc5 29. Rxc5 Rc8 30. Qa4+ Rc6 31. Nc2 Kc7 32. Qxb4 Nf4 33. Rxc6+ Kxc6 34. Qd6+
Kb5 35. Qb4+ Kc6 36. Qd6+ Kb5 37. Qb4+ Kc6 1/2-1/2

[Event "Hastings Masters 2025-26"]
[Site "Hastings ENG"]
[Date "2026.01.01"]
[Round "7.35"]
[White "Skytte, Robert"]
[Black "Vaidyanathan, Sathya"]
[Result "1-0"]
[WhiteTitle "CM"]
[WhiteElo "2050"]
[BlackElo "1842"]
[WhiteFideId "1471775"]
[BlackFideId "490539"]
[EventDate "2025.12.28"]

1. e4 e5 2. Nf3 Nc6 3. Bb5 a6 4. Ba4 Nf6 5. O-O d6 6. c3 Bd7 7. Re1 g6 8. d4 Bg7
9. Bxc6 Bxc6 10. dxe5 dxe5 11. Qxd8+ Rxd8 12. Nxe5 O-O 13. Nxc6 bxc6 14. Bf4
Nxe4 15. Bxc7 Rd7 16. Bf4 Nc5 17. Na3 Nd3 18. Red1 Rfd8 19. Bc1 Nxc1 20. Rdxc1
Rd2 21. Nc4 Re2 22. Re1 Rc2 23. Rac1 Rxc1 24. Rxc1 Re8 25. Kf1 Re4 26. Nb6 Bh6
27. Re1 Rh4 28. h3 Rh5 29. Rd1 Rb5 30. Nc4 Rc5 31. b3 Bg5 32. Rd6 Kg7 33. Ke2
Bf6 34. Kd3 Rg5 35. g4 h5 36. f4 Rb5 37. Rxc6 Rd5+ 38. Kc2 g5 39. Ne3 Rd8 40.
gxh5 Be7 41. Nf5+ Kf8 42. Nxe7 1-0

[Event "Hastings Masters 2025-26"]
[Site "Hastings ENG"]
[Date "2026.01.01"]
[Round "7.36"]
[White "Byron, Alan M"]
[Black "Pai, Sidhanth"]
[Result "0-1"]
[WhiteElo "2022"]
[BlackElo "1842"]
[WhiteFideId "401773"]
[BlackFideId "343111937"]
[EventDate "2025.12.28"]

1. c4 Nf6 2. Nf3 e6 3. g3 d5 4. Bg2 Be7 5. O-O O-O 6. b3 c5 7. d3 Nc6 8. Bb2 Qc7
9. Na3 a6 10. Nc2 b6 11. cxd5 exd5 12. d4 h6 13. Ne3 Be6 14. Rc1 Rfd8 15. Qc2
Qb7 16. Qb1 Rac8 17. Rfd1 Ne4 18. dxc5 Bxc5 19. Nd4 Bxd4 20. Bxd4 Nxd4 21. Rxd4
Nc3 22. Rxc3 Rxc3 23. Qb2 Qc7 24. h3 Rc1+ 25. Kh2 Qc3 26. Qxc3 Rxc3 27. Nxd5
Bxd5 28. Bxd5 Kf8 29. Rd2 f5 30. f3 Re3 31. Kg2 g5 32. h4 f4 33. gxf4 gxf4 34.
Rd4 Kg7 35. Kf1 Re5 36. e4 fxe3 37. Rg4+ Kf6 38. Be4 Rd2 39. b4 Re6 40. a3 Red6
41. Rg8 Ra2 42. Ke1 Rdd2 0-1

[Event "Hastings Masters 2025-26"]
[Site "Hastings ENG"]
[Date "2026.01.01"]
[Round "7.37"]
[White "Freeman, Luke"]
[Black "Kendall, Arthur"]
[Result "0-1"]
[WhiteElo "1867"]
[BlackElo "2000"]
[WhiteFideId "343411959"]
[BlackFideId "343410960"]
[EventDate "2025.12.28"]

1. e4 e6 2. d4 d5 3. Nd2 Nf6 4. e5 Nfd7 5. c3 c5 6. Bd3 Nc6 7. Ne2 cxd4 8. cxd4
f6 9. Nf4 Nxd4 10. Qh5+ Ke7 11. exf6+ Nxf6 12. Ng6+ hxg6 13. Qxh8 Kf7 14. O-O e5
15. Nb3 Nxb3 16. axb3 Bf5 17. Bxf5 gxf5 18. Bg5 Bc5 19. Qh3 g6 20. Rac1 Bb6 21.
Qc3 Qd6 22. Bxf6 Kxf6 23. Kh1 Rh8 24. h3 d4 25. Qg3 Qd5 26. Rcd1 e4 27. f3 e3
28. Qe1 Qb5 29. Rc1 f4 30. Rc2 g5 31. b4 Rd8 32. b3 d3 33. Rc4 e2 34. Qc3+ Qe5
35. Qxe5+ Kxe5 36. Re1 Kf5 37. Re4 Bf2 38. R1xe2 dxe2 39. Rxe2 Rd1+ 40. Kh2 Bg3# 0-1

[Event "Hastings Masters 2025-26"]
[Site "Hastings ENG"]
[Date "2026.01.01"]
[Round "7.38"]
[White "Hu, Junyan"]
[Black "Rayner, Francis"]
[Result "1/2-1/2"]
[WhiteElo "1862"]
[BlackElo "1983"]
[WhiteFideId "343401260"]
[BlackFideId "1800132"]
[EventDate "2025.12.28"]

1. e4 e5 2. Nf3 Nc6 3. Bc4 Nf6 4. Ng5 d5 5. exd5 Na5 6. Bb5+ Bd7 7. Qe2 Bd6 8.
Nc3 O-O 9. Bxd7 Qxd7 10. O-O c6 11. Qd3 h6 12. Nge4 Nxe4 13. Nxe4 Rfd8 14. Qc3
Bc7 15. d6 Bb6 16. Qxe5 Nc4 17. Qg3 Qe6 18. d3 Nxd6 19. Nxd6 Rxd6 20. Bf4 Rd5
21. Rae1 Qf6 22. Re2 Rf5 23. Be5 Qg6 24. Qxg6 fxg6 25. Bg3 Raf8 26. Kh1 R8f7 27.
f3 Rd7 28. h3 g5 29. b3 Kh7 30. Re5 Rff7 31. Rfe1 Bc7 32. Kh2 Bxe5 33. Bxe5 Rfe7
34. Re4 c5 35. a4 Re6 36. Kg3 Kg6 37. h4 a6 38. a5 Rd5 39. Bc7 gxh4+ 40. Kxh4
Rh5+ 41. Kg3 Rxe4 42. dxe4 c4 43. b4 Kf6 44. c3 Ke6 45. Bb6 Rh1 46. Bd4 g6 47.
f4 Rd1 48. Kf2 h5 1/2-1/2

[Event "Hastings Masters 2025-26"]
[Site "Hastings ENG"]
[Date "2026.01.01"]
[Round "7.39"]
[White "Chapman, Luke"]
[Black "Oh, Sejun"]
[Result "1/2-1/2"]
[WhiteElo "1976"]
[BlackElo "1695"]
[WhiteFideId "343416608"]
[BlackFideId "13216112"]
[EventDate "2025.12.28"]

1. e4 c5 2. Nf3 Nc6 3. d4 cxd4 4. Nxd4 g6 5. c4 Nf6 6. Nc3 Nxd4 7. Qxd4 d6 8.
Be2 Bg7 9. Be3 O-O 10. Qd2 Be6 11. Rc1 Qa5 12. f3 Rfc8 13. b3 a6 14. O-O b5 15.
Nd5 Qxd2 16. Bxd2 Nxd5 17. cxd5 Bd4+ 18. Kh1 Bd7 19. Bd3 Rxc1 20. Rxc1 Rc8 21.
g3 Rxc1+ 22. Bxc1 Kf8 23. Kg2 Ke8 24. f4 Kd8 25. Kf3 Kc7 26. Be3 Bxe3 27. Kxe3
Kb6 28. b4 e6 29. Kd4 exd5 30. exd5 f5 31. a3 Kc7 1/2-1/2

[Event "Hastings Masters 2025-26"]
[Site "Hastings ENG"]
[Date "2026.01.01"]
[Round "7.40"]
[White "Saxena, Reyansh"]
[Black "Vaddhireddy, Sai"]
[Result "0-1"]
[WhiteElo "1641"]
[BlackElo "1960"]
[WhiteFideId "343423884"]
[BlackFideId "499560"]
[EventDate "2025.12.28"]

1. e4 c6 2. Nc3 d5 3. Nf3 dxe4 4. Nxe4 Nf6 5. Qe2 Nxe4 6. Qxe4 Nd7 7. Bc4 Nf6 8.
Ne5 e6 9. Qe2 b5 10. Bd3 Qc7 11. a4 Bd6 12. Nxc6 b4 13. Nd4 a6 14. Nf5 Bb7 15.
Nxg7+ Kf8 16. Nh5 Nxh5 17. Qxh5 Rg8 18. Be2 Bxg2 19. Rg1 Bxh2 20. Bf3 Bxg1 21.
Bxg2 Rxg2 22. Qf3 Qe5+ 23. Kd1 Qd5 24. Qf4 Bxf2 25. d3 Qh5+ 0-1

[Event "Hastings Masters 2025-26"]
[Site "Hastings ENG"]
[Date "2026.01.01"]
[Round "7.41"]
[White "Saxena, Advik"]
[Black "Gorskovs, Andrejs"]
[Result "1/2-1/2"]
[WhiteElo "1806"]
[BlackElo "1920"]
[WhiteFideId "343423892"]
[BlackFideId "343426751"]
[EventDate "2025.12.28"]

1. d4 Nf6 2. c4 e6 3. Nf3 b6 4. g3 Ba6 5. b3 Bb4+ 6. Bd2 Be7 7. Bg2 c6 8. O-O d5
9. Qc2 O-O 10. Bf4 Nbd7 11. Nbd2 c5 12. dxc5 Bxc5 13. Ne5 Rc8 14. Qb2 Qe7 15.
Nxd7 Qxd7 16. b4 Be7 17. b5 Bb7 18. Rfd1 Rfd8 19. Qb3 Qe8 20. Rac1 dxc4 21. Nxc4
Rxd1+ 22. Rxd1 Bxg2 23. Kxg2 Rc5 24. a4 Nd5 25. Bd6 Bxd6 26. Nxd6 Qe7 27. Ne4
Rc8 28. h3 f5 29. Nd2 Rc3 30. Qb1 Ra3 31. Qc2 Qc5 32. Qxc5 bxc5 33. e4 Nc3 34.
Nc4 Rxa4 35. Rd8+ Kf7 36. Ne5+ Ke7 37. Nc6+ Kf6 38. Rf8+ Kg6 39. exf5+ exf5 40.
Ne7+ Kh6 41. Ng8+ 1/2-1/2

[Event "Hastings Masters 2025-26"]
[Site "Hastings ENG"]
[Date "2026.01.01"]
[Round "7.42"]
[White "Venkatesh, Anuj"]
[Black "Bharat Kumar, Balahari"]
[Result "1/2-1/2"]
[WhiteElo "1825"]
[BlackElo "2068"]
[WhiteFideId "455636"]
[BlackFideId "496464"]
[EventDate "2025.12.28"]

1. Nf3 Nf6 2. g3 b6 3. Bg2 Bb7 4. O-O c5 5. c4 g6 6. d4 cxd4 7. Qxd4 Bg7 8. Nc3
O-O 9. Qh4 Qc8 10. Bg5 Na6 11. Rac1 Re8 12. Rfd1 d6 13. Nd5 Nxd5 14. cxd5 Qd7
15. Nd4 Bxd4 16. Rxd4 f6 17. Be3 e5 18. dxe6 Rxe6 19. Bxb7 Qxb7 20. Rcd1 Qe7 21.
Qf4 Rd8 22. R4d2 Nc5 23. Bxc5 bxc5 24. Qc4 Kg7 25. e3 Re5 26. Rd5 Qe6 27. b3 Qe7
28. Qa6 Rxd5 29. Rxd5 Rd7 1/2-1/2

[Event "Hastings Masters 2025-26"]
[Site "Hastings ENG"]
[Date "2026.01.01"]
[Round "7.43"]
[White "Varney, Zoe"]
[Black "Turner, Lewis A"]
[Result "0-1"]
[WhiteTitle "WFM"]
[WhiteElo "2053"]
[BlackElo "1945"]
[WhiteFideId "436135"]
[BlackFideId "412600"]
[EventDate "2025.12.28"]

1. e4 c5 2. Nf3 Nc6 3. d4 cxd4 4. Nxd4 g6 5. Nc3 Bg7 6. Be3 Nf6 7. Bc4 O-O 8.
Bb3 d6 9. h3 Na5 10. Qd2 Bd7 11. f3 Rc8 12. g4 Nc4 13. Bxc4 Rxc4 14. Nce2 e5 15.
Nb3 Qc7 16. c3 Be6 17. Rd1 Rd8 18. Ng3 a5 19. Nc1 Rd7 20. Qf2 a4 21. Nce2 a3 22.
Bb6 Qc8 23. b3 Rxc3 24. Nxc3 Qxc3+ 25. Kf1 d5 26. Kg2 Bh6 27. Bc5 Rc7 28. Bd6
Be3 29. Qe2 Rc6 30. Be7 Qb2 31. Bxa3 Qxa3 32. Qxe3 Rc2+ 33. Rd2 Qxa2 34. Rd1 d4
35. Qg5 Kg7 36. Nh5+ Nxh5 37. gxh5 f6 38. h6+ Kf7 39. Rxc2 Qxc2+ 40. Qd2 Bxb3
41. Qxc2 Bxc2 42. Rd2 d3 43. Kf2 b5 44. Ke3 b4 45. Rxd3 Bxd3 46. Kxd3 g5 47. Kc4
Kg6 48. Kxb4 Kxh6 49. Kc5 Kg6 50. Kd6 h5 51. Ke6 g4 52. fxg4 hxg4 53. hxg4 Kg5
54. Kd5 Kxg4 0-1

[Event "Hastings Masters 2025-26"]
[Site "Hastings ENG"]
[Date "2026.01.01"]
[Round "7.44"]
[White "Ashton, Alannah"]
[Black "Balzer, Lars"]
[Result "1-0"]
[WhiteTitle "WCM"]
[WhiteElo "1983"]
[BlackElo "2026"]
[WhiteFideId "480681"]
[BlackFideId "4646452"]
[EventDate "2025.12.28"]

1. e4 c6 2. d4 g6 3. Nc3 d5 4. e5 h5 5. h3 Nh6 6. Nf3 Bf5 7. Bd3 e6 8. Ne2 Bxd3
9. Qxd3 Nf5 10. O-O Be7 11. b3 Nd7 12. a4 Nf8 13. c4 g5 14. cxd5 g4 15. d6 Bxd6
16. Bg5 Be7 17. Bxe7 Qxe7 18. Nd2 gxh3 19. Qxh3 O-O-O 20. Ne4 Kb8 21. Rfd1 h4
22. Rab1 Nd7 23. b4 Rhg8 24. b5 c5 25. b6 a6 26. dxc5 Nxc5 27. Nf6 Rxd1+ 28.
Rxd1 Rd8 29. Rxd8+ Qxd8 30. Qa3 Nd3 31. Qc3 Ne7 32. Nd4 Nxe5 33. Nxe6 Qd1+ 34.
Kh2 N7c6 35. Nc5 Qd6 36. f4 Qxf6 37. fxe5 Qg6 38. e6 f6 39. Qxf6 Qg3+ 40. Kg1
Qe3+ 41. Qf2 Qc1+ 42. Kh2 Ne7 43. Qf8+ Nc8 44. Nd7+ Ka8 45. e7 1-0

[Event "Hastings Masters 2025-26"]
[Site "Hastings ENG"]
[Date "2026.01.01"]
[Round "7.45"]
[White "Kilambi, Venkata Ananth Akshay"]
[Black "Wilson, Matthew R"]
[Result "1-0"]
[WhiteElo "2038"]
[BlackElo "1772"]
[WhiteFideId "489395"]
[BlackFideId "423459"]
[EventDate "2025.12.28"]

1. Nf3 d5 2. e3 c5 3. b3 Nf6 4. Bb2 Nc6 5. Bb5 Bd7 6. O-O e6 7. Be2 Bd6 8. d4
cxd4 9. exd4 O-O 10. c4 Rc8 11. Nc3 Bb8 12. Ba3 Re8 13. Nb5 e5 14. dxe5 Nxe5 15.
Nd6 Bxd6 16. Bxd6 Nxf3+ 17. Bxf3 Ne4 18. Bf4 dxc4 19. Qd4 Bc6 20. Qxa7 c3 21.
Rfd1 Qf6 22. Be3 c2 23. Re1 Nd6 24. Bxc6 Rxc6 25. Qa5 Rc3 26. Rac1 h6 27. Qa4
Re4 28. Qa8+ Kh7 29. Rf1 Qe7 30. Qa5 Rc6 31. Qd5 g6 32. Qd3 Qc7 33. Bd2 Re8 34.
Qh3 h5 35. Bf4 Qc8 36. Qd3 Qf5 37. Qf3 Rec8 38. Qg3 Nb5 39. Rfe1 Nc3 40. Re5 Qg4
41. Qxg4 hxg4 42. Rxc2 Nxa2 43. Rxc6 Rxc6 44. Re7 Kg8 45. Rxb7 Re6 46. Kf1 Nc3
47. Bd2 Ne4 48. Be1 Ra6 49. Ke2 Ra2+ 50. Ke3 Nf6 51. Rb5 Nh5 52. Bc3 f5 53. Be5
g5 54. g3 f4+ 55. gxf4 gxf4+ 56. Bxf4 Nxf4 57. Kxf4 Rxf2+ 58. Kg3 Rb2 59. Rb8+
Kf7 60. b4 Ke6 61. b5 Kf5 62. Rf8+ Ke6 63. Rb8 Kf5 64. b6 Rb3+ 65. Kf2 Rb2+ 66.
Ke3 Rxh2 67. b7 Rh3+ 68. Kd4 Rb3 69. Rf8+ Kg5 70. b8=Q Rxb8 71. Rxb8 Kf4 72.
Rf8+ Kg3 73. Ke3 Kh2 74. Rg8 g3 75. Kf3 1-0

[Event "Hastings Masters 2025-26"]
[Site "Hastings ENG"]
[Date "2026.01.01"]
[Round "7.46"]
[White "Woods, Yannick"]
[Black "Napolitano, Domenico"]
[Result "1-0"]
[WhiteElo "2023"]
[BlackElo "1863"]
[WhiteFideId "2518384"]
[BlackFideId "456993"]
[EventDate "2025.12.28"]

1. e4 e5 2. Nf3 f5 3. Nxe5 Qf6 4. d4 d6 5. Nc4 fxe4 6. Nc3 Qg6 7. Ne3 Nf6 8. Be2
c6 9. O-O Be7 10. f3 O-O 11. fxe4 Nxe4 12. Bd3 d5 13. Rxf8+ Bxf8 14. Qf3 Ng5 15.
Qxf8+ Kxf8 16. Bxg6 hxg6 17. Nexd5 Ne6 18. Nf4 Nxd4 19. Be3 Nxc2 20. Bc5+ Ke8
21. Rd1 Na6 22. Bf2 Bf5 23. Rd2 Rd8 24. Re2+ Kf7 25. g4 Nd4 26. Bxd4 Rxd4 27.
Rf2 g5 28. Ng2 Rxg4 29. Rxf5+ Ke6 30. Rf3 b5 31. Kf2 Nc5 32. Re3+ Kd6 33. Ne1 b4
34. Ne2 Rh4 35. Nf3 Rc4 36. Nfd4 Kd5 37. Re8 Nd3+ 38. Ke3 Nxb2 39. Rd8+ Kc5 40.
Ne6+ Kb5 41. N2d4+ Ka4 42. Ra8 a5 43. Nb3 Rc3+ 44. Ke4 Nc4 45. Ned4 Ka3 46. Nxc6
Re3+ 47. Kd4 Kxa2 48. Nbxa5 Ra3 49. Nxb4+ Kb1 50. Kxc4 Rh3 51. Nb3 Rh4+ 52. Kc3
Rh3+ 53. Nd3 1-0

[Event "Hastings Masters 2025-26"]
[Site "Hastings ENG"]
[Date "2026.01.01"]
[Round "7.47"]
[White "Gibson, Christopher A"]
[Black "Butt, Laurence"]
[Result "1-0"]
[WhiteElo "1887"]
[BlackElo "1790"]
[WhiteFideId "414697"]
[BlackFideId "440884"]
[EventDate "2025.12.28"]

1. e4 c5 2. Nf3 Nc6 3. d4 cxd4 4. Nxd4 Nf6 5. Nc3 d6 6. Nd5 Nxd5 7. exd5 Qa5+ 8.
Bd2 Qxd5 9. Nb5 Qe4+ 10. Be2 Kd8 11. O-O Bd7 12. c4 a6 13. Nc3 Qf5 14. Nd5 e6
15. Bd3 Qe5 16. Bc3 Qg5 17. f4 Qh6 18. Nb6 Rb8 19. Qb3 Be7 20. Rad1 Rg8 21. Be4
g5 22. f5 g4 23. Rd3 exf5 24. Nxd7 Kxd7 25. Bxf5+ Kc7 26. c5 Rbd8 27. Bd2 Qh5
28. Qb6+ Kb8 29. Rb3 Rd7 30. Bxd7 Nd8 31. cxd6 Bg5 32. Qc7+ Ka8 33. Bc8 1-0

[Event "Hastings Masters 2025-26"]
[Site "Hastings ENG"]
[Date "2026.01.01"]
[Round "7.48"]
[White "Gupta, Aditya"]
[Black "Siddhartha Shankar Srivastava"]
[Result "1-0"]
[WhiteElo "1808"]
[BlackElo "1589"]
[WhiteFideId "343418643"]
[BlackFideId "25780590"]
[EventDate "2025.12.28"]

1. e4 c5 2. Nf3 e6 3. d4 cxd4 4. Nxd4 Nf6 5. Nc3 Bb4 6. Bd3 Nc6 7. Nxc6 bxc6 8.
Bd2 e5 9. f4 d6 10. a3 Bc5 11. Na4 Bb6 12. Nxb6 axb6 13. Bc3 Qc7 14. Qd2 O-O 15.
fxe5 dxe5 16. Qg5 Re8 17. Rf1 h6 18. Qg3 Nh5 19. Qf3 Nf4 20. Bc4 Be6 21. Bxe6
Nxe6 22. O-O-O Ra7 23. g4 c5 24. Rd5 Nd4 25. Bxd4 cxd4 26. Kb1 Qc4 27. h4 Rc7
28. Rf2 b5 29. b3 Qc3 30. Qxc3 Rxc3 31. Re2 Rg3 32. Rxb5 Rxg4 33. a4 f6 34. a5
Rd8 35. a6 Rg1+ 36. Kb2 Kh7 37. a7 Ra8 38. Rb7 Rg4 39. Re1 Rg2 40. Ra1 Rc8 41.
Rb8 Rgxc2+ 42. Ka3 Rc1 43. Rxc1 Rxc1 44. Kb2 Rh1 45. a8=Q Rxh4 46. Rh8+ Kg6 47.
Qe8+ Kg5 48. Qf7 1-0

[Event "Hastings Masters 2025-26"]
[Site "Hastings ENG"]
[Date "2026.01.01"]
[Round "7.49"]
[White "Wheeler, James M"]
[Black "Halas, Kim Aleksander"]
[Result "1/2-1/2"]
[WhiteElo "1846"]
[BlackElo "1729"]
[WhiteFideId "463396"]
[BlackFideId "1546074"]
[EventDate "2025.12.28"]

1. e4 c6 2. d3 d5 3. Nd2 dxe4 4. dxe4 Qc7 5. Ngf3 Bg4 6. h3 Bh5 7. Be2 Nd7 8.
O-O O-O-O 9. c3 Ngf6 10. Qc2 e6 11. Re1 h6 12. Nh2 Bd6 13. Nhf1 g5 14. Bxh5 Nxh5
15. Nc4 Bf4 16. Qe2 Bxc1 17. Qxh5 Nf6 18. Qf3 Bf4 19. g3 Be5 20. Rad1 b5 21.
Nxe5 Qxe5 22. Rxd8+ Rxd8 23. Qe3 Rd7 24. Nd2 Nh5 25. Nf3 Qd6 26. Nd4 Kb7 27. Nb3
Kb8 28. Re2 Qd1+ 29. Kg2 Qd3 1/2-1/2

[Event "Hastings Masters 2025-26"]
[Site "Hastings ENG"]
[Date "2026.01.01"]
[Round "8.1"]
[White "Williams, Simon K"]
[Black "Hagner, Bennet"]
[Result "1/2-1/2"]
[WhiteTitle "GM"]
[BlackTitle "IM"]
[WhiteElo "2434"]
[BlackElo "2451"]
[WhiteFideId "404454"]
[BlackFideId "16224477"]
[EventDate "2025.12.28"]

1. d4 Nf6 2. c4 e6 3. Nf3 d5 4. Nc3 Bb4 5. Bg5 dxc4 6. e4 c5 7. e5 cxd4 8. Nxd4
Bxc3+ 9. bxc3 Qa5 10. exf6 Qxg5 11. fxg7 Qxg7 12. Qd2 Bd7 13. Bxc4 Nc6 14. Nxc6
Bxc6 15. O-O-O O-O 16. h4 Kh8 17. Rh3 Rg8 18. Qf4 e5 19. Qf5 Qh6+ 20. Re3 Qf4
21. Qxe5+ Qxe5 22. Rxe5 Rxg2 23. Rf5 Rg4 24. Rd4 Rxd4 25. cxd4 Rd8 26. d5 Ba4
27. Kd2 b5 28. Bd3 Kg7 29. Kc3 a5 30. Kd4 b4 31. Rg5+ Kf6 32. Rf5+ Kg7 33. Rg5+ 1/2-1/2

[Event "Hastings Masters 2025-26"]
[Site "Hastings ENG"]
[Date "2026.01.01"]
[Round "8.2"]
[White "Deuer, Marius"]
[Black "Sulskis, Sarunas"]
[Result "1-0"]
[WhiteTitle "IM"]
[BlackTitle "GM"]
[WhiteElo "2475"]
[BlackElo "2475"]
[WhiteFideId "16236432"]
[BlackFideId "12800112"]
[EventDate "2025.12.28"]

1. d4 Nf6 2. c4 e6 3. Nc3 Bb4 4. e3 Ne4 5. Qc2 f5 6. Bd3 Bxc3+ 7. bxc3 O-O 8.
Bxe4 fxe4 9. Qxe4 d5 10. Qc2 b6 11. cxd5 exd5 12. Ne2 Nc6 13. O-O Bf5 14. Qd1
Na5 15. f3 Nc4 16. Ng3 Qd7 17. e4 Bg6 18. e5 a5 19. f4 Rf7 20. Qf3 Raf8 21. a3
a4 22. Ra2 c6 23. Raf2 b5 24. h3 Qe7 25. Qe2 Qe6 26. Qg4 Rf5 27. Nxf5 Bxf5 28.
Qh4 Rf7 29. g4 Bd3 30. Rd1 Be4 31. f5 Qe7 32. Qxe7 Rxe7 33. f6 Re6 34. fxg7 Kxg7
35. Rdf1 1-0

[Event "Hastings Masters 2025-26"]
[Site "Hastings ENG"]
[Date "2026.01.01"]
[Round "8.3"]
[White "Plat, Vojtech"]
[Black "Golding, Alex"]
[Result "1/2-1/2"]
[WhiteTitle "GM"]
[BlackTitle "IM"]
[WhiteElo "2461"]
[BlackElo "2370"]
[WhiteFideId "325740"]
[BlackFideId "427241"]
[EventDate "2025.12.28"]

1. e4 e5 2. Nf3 Nc6 3. d4 exd4 4. Nxd4 Bc5 5. Nb3 Bb4+ 6. c3 Be7 7. Bf4 d6 8.
Bc4 Nf6 9. N1d2 O-O 10. O-O Be6 11. Qe2 Bxc4 12. Qxc4 Nd7 13. Nf3 Bf6 14. Rad1
Re8 15. Rfe1 Qc8 16. Bg3 Nb6 17. Qd3 Ne5 18. Nxe5 dxe5 19. c4 h5 20. f3 h4 21.
Bf2 Rd8 22. Qe2 Nd7 23. g3 Nf8 24. Rxd8 Bxd8 25. f4 hxg3 26. hxg3 Qh3 27. Qf1 1/2-1/2

[Event "Hastings Masters 2025-26"]
[Site "Hastings ENG"]
[Date "2026.01.01"]
[Round "8.4"]
[White "Kovchan, Alexander"]
[Black "Kuru, Atilla"]
[Result "1-0"]
[WhiteTitle "GM"]
[BlackTitle "IM"]
[WhiteElo "2447"]
[BlackElo "2449"]
[WhiteFideId "14103052"]
[BlackFideId "51607948"]
[EventDate "2025.12.28"]

1. e4 c5 2. Nf3 Nc6 3. Bb5 d6 4. O-O Bd7 5. Re1 a6 6. Bxc6 Bxc6 7. d4 cxd4 8.
Nxd4 Rc8 9. c4 g6 10. Nc3 Bg7 11. Be3 Nf6 12. Nxc6 Rxc6 13. Qb3 O-O 14. h3 Qc8
15. Nd5 Nxd5 16. cxd5 Rc4 17. Rac1 b5 18. a4 Qa8 19. Rxc4 bxc4 20. Qxc4 Bxb2 21.
Qc7 Bf6 22. Rc1 Kg7 23. a5 Qb8 24. Bb6 Qxc7 25. Rxc7 Ra8 26. Kf1 g5 27. g3 h5
28. Ke2 Kf8 29. Ke3 Ke8 30. f4 gxf4+ 31. gxf4 Bg7 32. Rb7 f6 33. Bc7 Bh6 34. Kf3
Kd7 35. Bb6+ Ke8 36. e5 fxe5 37. fxe5 dxe5 38. Ke4 Rc8 39. Kxe5 Rc1 40. Ra7 Re1+
41. Kf5 Be3 42. Rxa6 Bxb6 43. Rxb6 Ra1 44. a6 Ra4 45. Ke5 Kf7 46. d6 Ra5+ 47.
Kd4 e5+ 48. Ke4 Ke6 49. d7+ Kxd7 50. Rh6 Kc7 51. Rh7+ Kd6 52. Rxh5 Ra4+ 53. Kf5
Kd5 54. Rh6 Ra1 55. Rb6 e4 56. Rb5+ Kd6 57. Rb4 Ra5+ 58. Kf4 Rxa6 59. Rxe4 Ra8
60. h4 Rf8+ 61. Kg5 Kd5 62. Re1 Rg8+ 63. Kf6 Rh8 64. Rh1 Rh6+ 1-0

[Event "Hastings Masters 2025-26"]
[Site "Hastings ENG"]
[Date "2026.01.01"]
[Round "8.5"]
[White "Laurent-Paoli, Pierre"]
[Black "Kaasen, Tor Fredrik"]
[Result "1/2-1/2"]
[WhiteTitle "GM"]
[BlackTitle "IM"]
[WhiteElo "2539"]
[BlackElo "2471"]
[WhiteFideId "26017962"]
[BlackFideId "1516647"]
[EventDate "2025.12.28"]

1. d4 d5 2. c4 dxc4 3. Nf3 Nf6 4. e3 e6 5. Bxc4 a6 6. O-O Be7 7. Qe2 b5 8. Bd3
Nbd7 9. a4 Bb7 10. axb5 axb5 11. Rxa8 Qxa8 12. Bxb5 O-O 13. Nc3 c6 14. Bc4 c5
15. dxc5 Nxc5 16. Bd2 Nfe4 17. Nxe4 Nxe4 18. Rd1 Nxd2 19. Rxd2 Rd8 20. Rxd8+
Qxd8 21. Ne1 Qa8 22. Qd1 h6 23. Bf1 Bd5 24. Nd3 Qb7 25. Qa4 Bc6 26. Qc2 Be4 27.
f3 Bxd3 28. Bxd3 Qb6 29. Kf2 Bc5 30. Kf1 Kf8 31. e4 Qb4 32. g3 Qd4 33. Kg2 g5
34. Kh3 h5 35. Qe2 e5 36. Bb5 Qe3 37. Qd1 Bd4 38. b3 Kg7 39. Bd7 Qg1 40. Qxg1
Bxg1 41. b4 Be3 42. Ba4 Bd2 43. b5 Be3 44. Bd1 Kg6 45. Kg2 h4 46. Kh3 hxg3 47.
hxg3 f6 48. Bb3 Kg7 49. Kg4 Kf8 50. Kf5 Ke7 51. Bd5 Bf2 52. f4 gxf4 53. gxf4
exf4 54. Kxf4 Kd6 1/2-1/2